000 00319 a2200157 4500
001 63687
020 _a9788532205889
040 _cAnchieta - Pituba
100 _aAlencar, José de
240 1 0 _aSenhora
_lpor
245 1 0 _aSenhora
300 _a269
362 0 _a199
650 4 _aFicção brasileira
942 _cBK
999 _c63687
_d63687